| 000 | 00357nam a2200133Ia 4500 | ||
|---|---|---|---|
| 008 | 191111s9999 xx 000 0 und d | ||
| 020 | _a9781138629721 | ||
| 100 | _aKoller, John M. | ||
| 245 |
_cJohn M. Koller.-- _aAsian philosophies.-- |
||
| 250 | _a7th ed | ||
| 260 |
_aUSA : _bRoutledge _c2018 |
||
| 300 | _axxx, 395 pages. | ||
| 650 | _aPhilosophy, Asian | ||
| 999 |
_c362626 _d362626 |
||